LIBRARY & INFORMATION CENTRE, KCAET, TAVANUR

ONLINE PUBLIC ACCESS CATALOGUE (OPAC)

Pre-University physics / (Record no. 10117)

MARC details
000 -LEADER
fixed length control field 00476cam a2200193ua 4500
041 ## - LANGUAGE CODE
Language code of text/sound track or separate title eng
082 ## - DEWEY DECIMAL CLASSIFICATION NUMBER
Classification number 530
Item number SAS/PR
100 ## - MAIN ENTRY--AUTHOR NAME
Personal name Satry, Gourinadha M .
245 ## - TITLE STATEMENT
Title Pre-University physics /
260 ## - PUBLICATION, DISTRIBUTION, ETC. (IMPRINT)
Place of publication Chennai :
Name of publisher S.Viswanathan ,
Year of publication 1957.
300 ## - PHYSICAL DESCRIPTION
Number of Pages 349 ; .
700 1# - ADDED ENTRY--PERSONAL NAME
Personal name Ouseph, C C.
700 1# - ADDED ENTRY--PERSONAL NAME
Personal name Rao, Venkata V .
942 ## - ADDED ENTRY ELEMENTS (KOHA)
Koha item type Books
Holdings
Withdrawn status Lost status Damaged status Home library Current library Date acquired Cost, normal purchase price Full call number Accession Number Koha item type Public note
Withdrawn     KAUAET Sanskrit University 07/04/2012 4.50 530 7371 Books Transferred to Sanskrit University
free website counter